Vista normal Vista MARC

Entrada Topical Term

Número de registros utilizados en: 1

001 - CONTROL NUMBER

  • control field: 8491

003 - CONTROL NUMBER IDENTIFIER

  • control field: OSt

005 - DATE AND TIME OF LATEST TRANSACTION

  • control field: 20200806140915.0

008 - FIXED-LENGTH DATA ELEMENTS

  • fixed length control field: 200806|| aca||aabn | a|a d

040 ## - CATALOGING SOURCE

  • Original cataloging agency: OSt
  • Transcribing agency: OSt

150 ## - HEADING--TOPICAL TERM

  • Topical term or geographic name entry element: Extorsión
  • Geographic subdivision: Colombia

670 ## - SOURCE DATA FOUND

  • Source citation: Work cat.: (OSt)5977: Unidad De Información Y Análisis Financiero UIAF, Programa Presidencial Contra La Extorción Y El Secuestro 8489, Tipologias de lavado de activos/, 2005.